000 00686nam a2200229 a 4500
001 BRCA_7610
005 20190320205917.0
008 060713s1912----gw-a######---#000-0#ger-#
041 _ager
044 _agw
050 4 _aN2335
_b.B87 1912
100 1 _aBurger, Fritz
_918761
245 1 0 _aDie Schack Galerie Munchen
_bim besitz seiner majestät des deutschen kaisers könings von Preussen
_cFritz Burger.
260 _aMúnich
_bDelphin
_cc1912
300 _a171 p.
_bil., 50 láminas
_c17 cm.
500 _aT10
610 2 4 _aSchackgalerie (Múnich)
_918762
650 1 4 _aPinturas
_zMúnich
_97744
650 1 4 _aGalerías y museos
_zAlemania
_95059
902 _aGFM
942 _2lcc
_cB
999 _c7284
_d7284